LDR 00749naa#a2200169#i#450# 001 EN\\bibl\120759 005 20260426132818.7 011 ## _a2687-0185 100 ## _a20250212b2025####ek#y0engy0150####ca 102 ## _aRU 200 1# _aIntellectual repatriation as a factor of Russia's Technological sovereignty _eJournal article 210 1# _aMoscow _cMoscow University of the Ministry of Internal Affairs of Russia named after V.Ya. Kikot _d2025 215 ## _a8 с. 608 ## _aJournal article _2local 675 ## _aПраво. Юридические науки. 34 _aГосударственное право. Конституционное право. Административное право. 342 _z 700 #1 _aTrunov _gIgor' Leonidovich 856 4# _amosumvd.editorum.ru _u